000
00315nam a22001337a 4500
999
_c
160672
_d
160672
082
_a
_b
100
_a
Charles Kingsley
245
_a
Essays and lectures on english literature/
_c
by Charles Kingsley.
260
_a
New Delhi:
_b
Discovery,
_c
1999.
300
_a
468p.
490
_a
650
_a
942
_c
BK